000 00593nmc a2200241 a 4500
003 AR-BaBNM
005 20251128211811.0
008 276020s1996 ||||||||||||||000 | spa||
020 _a1-85326-284-6
040 _cAR-BaBNM
100 1 _aButler, Samuel
245 1 0 _aErewhon
260 _aHertfordshire
_bWordsworth Editions
_c1996
300 0 _a188 p.
490 0 _aWordsworth classics of world literature
650 4 _aLITERATURA INGLESA
650 4 _aNOVELAS
650 4 _aSATIRA
653 0 _aEPOCA VICTORIANA
655 _aLITERATURA
942 _cBK
998 _cme-solo cat
999 _c21176
_d21176